00899nam a2200253 a 450000100060000000300080000600500170001400800410003102000220007203500190009404000270011304100080014008200240014824500930017225000240026526000320028930000170032150400510033865000510038970000390044094200120047999900170049195201370050863230BD-RjUL20211209081155.0170129s1980 nyu b 001 0 eng  a0393950794 (pbk.) a(BD-RjUL)63359 aDLCcDLCdBD-RjULbeng aeng00a808.8223bNOR 198004aThe Norton anthology of world masterpieces /cMaynard Mack, general editor ... [et al.]. a4th continental ed. aNew York :bNorton,cc1980. av. ;c22 cm. aIncludes bibliographical references and index. 0aLiteraturevTranslations into English.91881971 aMack, Maynard,d1909-2001.9188198 2ddccBK c63230d63230 00102ddc40718NFICaRUCLbRUCLcReadingd1988-11-08eAsia foundationl0o808.8 NOR 1980r2017-01-29 00:00:00tC-1w2017-01-29yBK